[Event "Chinese Teams 2013"]
[Site "Qingdao CHN"]
[Date "2013.10.13"]
[Round "14.4"]
[White "Gao Rui"]
[Black "Zhou Jianchao"]
[Result "1/2-1/2"]
[WhiteElo "2469"]
[BlackElo "2584"]

1.e4 c5 2.Nf3 Nc6 3.Nc3 e6 4.d4 cxd4 5.Nxd4 Qc7 6.Be3 Nf6 7.f4 d6 8.Qf3 Nxd4
9.Bxd4 a6 10.O-O-O b5 11.Bd3 b4 12.Bxf6 gxf6 13.Ne2 Bb7 14.f5 e5 15.Ng3 Bh6+
16.Kb1 Ke7 17.b3 a5 18.Bc4 Rhf8 19.Qh5 Bf4 20.Ne2 Be3 21.Rd3 Bc5 22.Ng3 Ba6
23.Bxa6 Rxa6 24.Qh6 Bd4 25.Nh5 d5 26.Nf4 exf4 27.Rxd4 Rc8 28.Rc1 Qe5 29.Rcd1 Rac6
30.exd5 Rxc2 31.Qxf4 Qxf4 32.Rxf4 Kd6 33.Rg4 Rf2 34.Rc1 Rxc1+ 35.Kxc1 Rxa2
36.Rg7 Kxd5 37.Kb1 Rf2 38.Rxf7 Rxf5 39.Rxh7 Rf2 40.Rh5+ Kd4 41.g4 Rg2 42.Rxa5 Kc3
43.Rf5 Rg1+ 44.Ka2 Rg2+ 45.Kb1 Kxb3 46.Rf3+ Ka4 47.Rxf6 Ka3 48.Rf1 Rxg4 49.h3 Rg3
50.Rh1 Rg2 51.h4 Rb2+ 52.Ka1 Ra2+ 53.Kb1 Rb2+ 54.Ka1 Ra2+ 55.Kb1  1/2-1/2

[Event "12th Istanbul Open A 2013"]
[Site "Istanbul TUR"]
[Date "2013.10.15"]
[Round "5.8"]
[White "Baglan,E"]
[Black "Elmas,M"]
[Result "1-0"]
[WhiteElo "2079"]
[BlackElo "1926"]

1.e4 c5 2.Nf3 Nc6 3.d4 cxd4 4.Nxd4 e6 5.Nc3 a6 6.Be3 d6 7.Qd2 Nf6 8.f3 Be7
9.g4 h6 10.O-O-O Bd7 11.h4 b5 12.Nxc6 Bxc6 13.Ne2 Rc8 14.Rg1 Nd7 15.g5 hxg5
16.hxg5 Ne5 17.Nd4 Bb7 18.g6 Qd7 19.gxf7+ Kxf7 20.Qg2 Bf6 21.f4 Nc6 22.Qg6+ Kf8
23.e5 Rh6 24.Qg4 Nxd4 25.Bxd4 Qc7 26.Bd3 dxe5 27.fxe5 Bxe5 28.Rdf1+ Kg8 29.Qg5 Rh2
30.Bxe5 Rxc2+ 31.Kb1  1-0

[Event "Indonesia Open 2013"]
[Site "Jakarta INA"]
[Date "2013.10.15"]
[Round "8.28"]
[White "Milliet,S"]
[Black "Zozulia,A"]
[Result "1/2-1/2"]
[WhiteElo "2399"]
[BlackElo "2330"]

1.e4 c5 2.Nf3 e6 3.d4 cxd4 4.Nxd4 Nc6 5.Nc3 Qc7 6.Be2 a6 7.O-O b5 8.Nxc6 dxc6
9.f4 b4 10.Nb1 Nf6 11.Nd2 Bb7 12.e5 Nd5 13.Nc4 a5 14.Bd3 g6 15.Qe2 Be7 16.Bd2 O-O
17.Rf3 Rfd8 18.Raf1 Nb6 19.b3 c5 20.Rg3 Nxc4 21.bxc4 Qc6 22.Qg4 a4 23.h4 b3
24.axb3 axb3 25.cxb3 Ra2 26.Rf2 Bf8 27.h5 Bg7 28.hxg6 hxg6 29.Bxg6 fxg6 30.Qxg6 Qd7
31.f5 exf5 32.e6 Qe7 33.Bg5 Rd1+ 34.Kh2 Raa1 35.Rd3 Qc7+ 36.Bf4 Rh1+ 37.Kg3 Qe7
38.Qf7+ Qxf7 39.exf7+ Kxf7 40.Rd7+ Kg6 41.Rxb7 Ra3 42.Rb6+ Kf7 43.Rb7+ Kg6
44.Re2 Bf6 45.Rb6 Kf7 46.Rb7+ Kf8 47.Rb8+ Kf7 48.Rb7+ Kf8 49.Rb8+ Kf7 50.Rb7+ Kf8  1/2-1/2

[Event "35th Arco Open 2013"]
[Site "Arco ITA"]
[Date "2013.10.16"]
[Round "5.14"]
[White "Antonelli,F"]
[Black "Ambartsumova,K"]
[Result "0-1"]
[WhiteElo "2029"]
[BlackElo "2320"]

1.e4 c5 2.Nf3 e6 3.d4 cxd4 4.Nxd4 Nc6 5.Nc3 Qc7 6.Be2 a6 7.Nxc6 bxc6 8.Be3 Nf6
9.O-O d5 10.f4 dxe4 11.g4 Be7 12.Bd4 O-O 13.g5 Nd5 14.Nxe4 Nxf4 15.Bd3 c5
16.Qg4 e5 17.Bxe5 Bxg4 18.Bxc7 Ne6 19.Bf4 Bh3 20.Rf3 Nxf4 21.Rxf4 Be6 22.b3 Rfd8
23.Raf1 Rd4 24.h4 a5 25.Nd2 Rad8 26.Nc4 Ra8 27.Rxd4 cxd4 28.a4 Bb4 29.Rf4 Rd8
30.Kf1 Re8 31.Re4 f6 32.gxf6 gxf6 33.Nb6 Kf7 34.Re2 Rb8 35.Nc4 Bh3+ 36.Kg1 h5
37.Kh2 Bg4 38.Rf2 Ke6 39.Rf4 Rd8 40.Re4+ Kf7 41.Kg3 Bd1 42.Kf2 Bc3 43.Na3 Bd2
44.Nc4 Bb4 45.Nb2 Bg4 46.Bc4+ Kg6 47.Bd3 Kg7 48.Nc4 Kf8 49.Rf4 Kg7 50.Kg2 Be1
51.Re4 Bxh4 52.Nxa5 f5 53.Re5 Kf6 54.Nc6 Rc8 55.Rc5 Bg5 56.a5 h4 57.a6 h3+
58.Kh1 Bf4  0-1

[Event "TCh-Belgrade Premier liga 2013"]
[Site "Belgrade SRB"]
[Date "2013.10.16"]
[Round "5.1"]
[White "Djuric,S"]
[Black "Dimitrijevic,R"]
[Result "1-0"]
[WhiteElo "2442"]
[BlackElo "2286"]

1.e4 c5 2.Nf3 e6 3.Nc3 Nc6 4.d4 cxd4 5.Nxd4 d6 6.f4 Nf6 7.Nf3 Be7 8.Bd3 e5
9.O-O O-O 10.Kh1 exf4 11.Bxf4 Ng4 12.Nd5 Nge5 13.Be2 Be6 14.c3 Nxf3 15.gxf3 Ne5
16.Qd4 Bxd5 17.Qxd5 Qc7 18.Rad1 Rad8 19.a4 Kh8 20.Be3 a6 21.Rg1 Qc6 22.Qxc6 Nxc6
23.Rd5 Ne5 24.Bb6 Rc8 25.f4 Ng6 26.Bd4 Rg8 27.Rg4 Nf8 28.Rf5 f6 29.Rh5 g6
30.Rh3 Kg7 31.Bd1 Rh8 32.Bb3 Nd7 33.Be6 Rcd8 34.b3 Nf8 35.Bd5 Rd7 36.c4 Bd8
37.b4 Re7 38.Be3 h5 39.Rg1 Rh6 40.f5 Rc7 41.Rd1 Be7 42.Bd4 Nd7 43.Rg3  1-0

[Event "TCh-Belgrade Premier liga 2013"]
[Site "Belgrade SRB"]
[Date "2013.10.16"]
[Round "5.2"]
[White "Ravic,N"]
[Black "Podinic,V"]
[Result "1/2-1/2"]
[WhiteElo "2308"]
[BlackElo "2420"]

1.e4 c5 2.Nf3 e6 3.d4 cxd4 4.Nxd4 Nc6 5.Nc3 a6 6.Be2 Qc7 7.O-O Nf6 8.Kh1 Be7
9.f4 d6 10.Be3 O-O 11.Qe1 Nxd4 12.Bxd4 b5 13.a3 Bb7 14.Qg3 Rad8 15.Rae1 Rd7
16.Bd3 Qd8 17.Qh3 g6 18.f5 e5 19.Be3 Re8 20.Re2 Nh5 21.Nd5 Bxd5 22.exd5 Bf6
23.Ref2 Nf4 24.Bxf4 exf4 25.fxg6 hxg6 26.Rxf4 Bxb2 27.a4 Be5 28.Rg4 Rb7 29.axb5 axb5
30.Qf3 b4 31.Ba6 Ra7 32.Rxb4 Qa5 33.Rb7 Rxb7 34.Bxb7 Re7 35.Bc6 Qc3 36.Qxc3  1/2-1/2

[Event "Indonesia Open 2013"]
[Site "Jakarta INA"]
[Date "2013.10.16"]
[Round "9.2"]
[White "Ganguly,S"]
[Black "Vazquez Igarza,R"]
[Result "1-0"]
[WhiteElo "2639"]
[BlackElo "2602"]

1.e4 c5 2.Nf3 e6 3.d4 cxd4 4.Nxd4 Nc6 5.Nc3 a6 6.Be2 Qc7 7.O-O Nf6 8.Be3 Be7
9.f4 d6 10.a4 O-O 11.Kh1 Nxd4 12.Qxd4 e5 13.Qd2 exf4 14.Bxf4 Be6 15.Rad1 Rfd8
16.Qd3 Rac8 17.Qg3 Qb6 18.Be3 Qb4 19.Bd4 Kh8 20.Rf4 Qa5 21.Nd5 Bxd5 22.exd5 Rxc2
23.Bc3 Qb6 24.Rb4 Qa7 25.Bd4 Qb8 26.Bd3 Rc5 27.Qh4 h6 28.Rf1 a5 29.Rb3  1-0

[Event "SPICE Cup Open 2013"]
[Site "St Louis USA"]
[Date "2013.10.16"]
[Round "2.9"]
[White "Gurevich,Daniel"]
[Black "Robson,R"]
[Result "1/2-1/2"]
[WhiteElo "2258"]
[BlackElo "2628"]

1.e4 c5 2.Nf3 e6 3.d4 cxd4 4.Nxd4 Nc6 5.Nc3 Qc7 6.g3 a6 7.Bg2 d6 8.O-O Bd7
9.Re1 Be7 10.Nxc6 Bxc6 11.a4 Nf6 12.a5 O-O 13.Be3 Nd7 14.Na4 Rad8 15.Nb6 f5
16.exf5 Bxg2 17.Kxg2 Qc6+ 18.Qf3 d5 19.Nxd7 Rxf5 20.Bf4 Rxd7 21.Re2 Bg5 22.Rae1 Rf6
23.Qc3 Qxc3 24.bxc3 Bxf4 25.gxf4 Kf7 26.c4 Rxf4 27.cxd5 exd5 28.Re5 h6 29.Rd1 Rc4
30.Rdxd5 Rxd5 31.Rxd5 Ke6 32.Rd8 Rxc2 33.Kf3 Rc5 34.Rb8 Rc7 35.Kg4 Kd6 36.f4 Kc5
37.Re8 Kb4 38.Re5 g6 39.h4 Rc6 40.h5 gxh5+ 41.Kxh5 b5 42.axb6 Rxb6 43.f5 Rf6
44.Kg4 a5 45.Re6 h5+ 46.Kg5 Rf8 47.f6 a4 48.Kxh5 a3 49.Kg6 Rg8+ 50.Kh7 Ra8
51.f7 a2 52.Re1 Kb3 53.Kg7 Kb2 54.f8=Q Rxf8 55.Kxf8 a1=R 56.Rxa1 Kxa1  1/2-1/2

[Event "Indonesia Open 2013"]
[Site "Jakarta INA"]
[Date "2013.10.17"]
[Round "11.33"]
[White "Emperado,Emmanuel"]
[Black "Sukandar,I"]
[Result "0-1"]
[WhiteElo "2297"]
[BlackElo "2363"]

1.e4 c5 2.Nf3 e6 3.d4 cxd4 4.Nxd4 Nc6 5.Nc3 d6 6.Be3 Nf6 7.Be2 Be7 8.O-O O-O
9.f4 e5 10.Nb3 exf4 11.Bxf4 Be6 12.Qd2 d5 13.exd5 Nxd5 14.Nxd5 Qxd5 15.Rad1 Nb4
16.c3 Qxd2 17.Bxd2 Nxa2 18.Nd4 Bc5 19.Be3 a5 20.Kh1 Bxd4 21.Bxd4 a4 22.Bf3 Ra5
23.Rd2 Rf5 24.Ra1 b5 25.Bg4 Rd5 26.Bxe6 fxe6 27.Kg1 Rfd8 28.Rad1 e5 29.Be3 Rxd2
30.Rxd2 Rxd2 31.Bxd2 Kf7 32.Kf2 Ke6 33.Ke3 Kd5 34.Kd3 e4+ 35.Kc2 Kc4 36.Be3 b4
37.Bd4 b3+ 38.Kd2 Nb4 39.Bxg7 a3  0-1

[Event "SPICE Cup Open 2013"]
[Site "St Louis USA"]
[Date "2013.10.17"]
[Round "4.5"]
[White "Diamant,A"]
[Black "Robson,R"]
[Result "1/2-1/2"]
[WhiteElo "2461"]
[BlackElo "2628"]

1.e4 c5 2.Nf3 e6 3.d4 cxd4 4.Nxd4 Nc6 5.Nc3 Qc7 6.Be2 a6 7.O-O Nf6 8.Be3 Bb4
9.Na4 Be7 10.Nxc6 bxc6 11.Nb6 Rb8 12.Nxc8 Qxc8 13.Bd4 Qc7 14.e5 Nd5 15.b3 c5
16.Bb2 a5 17.a4 O-O 18.Qd2 f6 19.Bf3 Nb4 20.Rad1 Rbd8 21.exf6  1/2-1/2

[Event "TCh-Belgrade Premier liga 2013"]
[Site "Belgrade SRB"]
[Date "2013.10.18"]
[Round "7.1"]
[White "Djuric,S"]
[Black "Podinic,V"]
[Result "1-0"]
[WhiteElo "2442"]
[BlackElo "2420"]

1.e4 c5 2.Nf3 e6 3.Nc3 Nc6 4.d4 cxd4 5.Nxd4 a6 6.Bf4 d6 7.Bg3 Nf6 8.Be2 Be7
9.Nxc6 bxc6 10.e5 Nd5 11.exd6 Bxd6 12.Ne4 Bxg3 13.hxg3 f5 14.Bh5+ g6 15.Bxg6+ Ke7
16.Qd4 fxe4 17.O-O-O Bb7 18.Bxe4 Kf7 19.Bxd5 cxd5 20.Rh4 Qg5+ 21.Rf4+ Kg6
22.Re1 Rae8 23.Re5 Qe7 24.Rg4+ Kf7 25.Rg7+ Kxg7 26.Rg5+  1-0

[Event "3rd Central Asia Cup"]
[Site "Dushanbe TJK"]
[Date "2013.10.18"]
[Round "7.2"]
[White "Amonatov,F"]
[Black "Dzhumaev,M"]
[Result "1-0"]
[WhiteElo "2624"]
[BlackElo "2565"]

1.e4 c5 2.Nf3 e6 3.d4 cxd4 4.Nxd4 Nc6 5.Nc3 Qc7 6.Be3 a6 7.Qd2 Nf6 8.O-O-O Be7
9.f3 b5 10.Kb1 Bb7 11.g4 Nxd4 12.Bxd4 b4 13.Na4 d5 14.Nb6 dxe4 15.Nxa8 Bxa8
16.g5 Nd7 17.fxe4 Bxe4 18.Bg2 Bxg2 19.Qxg2 O-O 20.h4 Rc8 21.Rhf1 Bd6 22.h5 Ne5
23.Qe2 g6 24.Rh1 Qc4 25.Qh2 Qc7 26.hxg6 fxg6 27.Bb6 Qg7 28.Rxd6 Nc4 29.Bd4 e5
30.Qh3 Nxd6 31.Qe6+ Qf7 32.Qxe5  1-0

[Event "17th Unive Open 2013"]
[Site "Hoogeveen NED"]
[Date "2013.10.18"]
[Round "1.18"]
[White "Hendriks,Ric"]
[Black "Rooze,J"]
[Result "1/2-1/2"]
[WhiteElo "2104"]
[BlackElo "2355"]

1.e4 c5 2.Nf3 e6 3.d4 cxd4 4.Nxd4 Nc6 5.Nc3 Qc7 6.Be2 a6 7.O-O Nf6 8.Be3 Bb4
9.Nxc6 bxc6 10.Qd4 Bd6 11.f4 e5 12.Qd2 O-O 13.Rad1 exf4 14.Qxd6 Qxd6 15.Rxd6 fxe3
16.Bc4 Rb8 17.b3 Re8 18.Rf3 Re7 19.Rxe3 Ng4 20.Red3 Ne5 21.R3d4 Kf8 22.Na4 f6
23.Nc5 a5 24.a3 Ke8 25.h3 Ra8 26.Kf2 Ra7 27.c3 Nxc4 28.Rxc4 Kd8 29.Rcd4 Re5
30.Ne6+ Ke7 31.Nxg7 Rb5 32.Nf5+ Kf7 33.b4 axb4 34.axb4 Re5 35.Nh6+ Ke7 36.Ng8+ Kf7
37.Nxf6 c5 38.bxc5 Ra2+ 39.Kf1 Rg5 40.g4 Rxc5 41.Nxh7 Rxc3 42.Ng5+ Ke7 43.Rd2 Rcc2
44.Nf3 Rxd2 45.Rxd2 Ra4 46.e5 Bb7 47.Kf2 Bxf3 48.Kxf3 Ra3+ 49.Kg2 Re3 50.Rd5 Ke6
51.Ra5 Rb3 52.h4 Rc3 53.h5 Kf7 54.Ra6 Re3 55.Rf6+ Kg7 56.Rd6 Rxe5 57.Rxd7+ Kh6
58.Kf3 Ra5 59.Rd6+ Kh7 60.Kf4 Ra4+ 61.Kf5 Ra5+ 62.Kf6 Kh6 63.Kf7+ Kh7 64.Re6 Rb5
65.Kf6 Kh6 66.Re5 Rb6+ 67.Kf5 Rb1 68.Re6+ Kh7 69.g5 Rf1+ 70.Ke5 Re1+ 71.Kf6 Rf1+
72.Ke7 Rf5 73.Rh6+ Kg7 74.Rg6+ Kh7 75.Ke6 Ra5 76.Kf6 Ra6+ 77.Kf7 Ra7+ 78.Ke6 Ra6+
79.Kf7 Ra7+ 80.Ke6  1/2-1/2

[Event "SPICE Cup Open 2013"]
[Site "St Louis USA"]
[Date "2013.10.18"]
[Round "6.7"]
[White "Corrales Jimenez,F"]
[Black "Diamant,A"]
[Result "1-0"]
[WhiteElo "2575"]
[BlackElo "2461"]

1.e4 c5 2.Nf3 e6 3.d4 cxd4 4.Nxd4 Nc6 5.Nc3 Qc7 6.Be3 a6 7.Qd2 Nf6 8.f3 Bb4
9.O-O-O Ne7 10.Nde2 b5 11.a3 Ba5 12.Bf4 e5 13.Bg5 Bb7 14.Ng3 h5 15.Bd3 Rc8
16.Nge2 d5 17.b4 Bb6 18.Kb2 d4 19.Na2 Nh7 20.c3 dxc3+ 21.Nexc3 Nxg5 22.Qxg5 O-O
23.Rc1 Qd6 24.Rhd1 Qe6 25.Bc2 Rfd8 26.Bb3 Qf6 27.Qxh5 a5 28.Nxb5 axb4 29.axb4 Rxc1
30.Rxd8+ Bxd8 31.Nxc1 Ba6 32.Nc3 Bf1 33.g3 g6 34.Qg4 Qd6 35.Qg5 Nf5 36.Qg4 Qd2+
37.Kb1 Bd3+ 38.Nxd3 Qxd3+ 39.Kb2 Qd2+ 40.Ka3 Qc1+ 41.Ka4 Qa1+ 42.Ba2  1-0

[Event "SPICE Cup Open 2013"]
[Site "St Louis USA"]
[Date "2013.10.18"]
[Round "7.15"]
[White "Li,Ruifeng"]
[Black "Chandra,Akshat"]
[Result "0-1"]
[WhiteElo "2246"]
[BlackElo "2318"]

1.e4 c5 2.Nf3 e6 3.d4 cxd4 4.Nxd4 Nc6 5.Nc3 Qc7 6.Be3 a6 7.Be2 b5 8.a3 Bb7
9.Qd2 Nf6 10.Nb3 Ne5 11.f3 Rc8 12.O-O d5 13.exd5 Nxd5 14.Nxd5 Bxd5 15.Qd4 Nc4
16.Bf4 Qd7 17.Kh1 f6 18.Bxc4 bxc4 19.Nd2 Bc5 20.Qc3 O-O 21.Rad1 Qb5 22.Ne4 Bxe4
23.fxe4 e5 24.Bc1 Bd4 25.Qb4 Qc6 26.Qe1 Rfd8 27.c3 Bb6 28.Qe2 Rxd1 29.Rxd1 Rd8
30.Rxd8+ Bxd8 31.h3 g6 32.Qf3 f5 33.Be3 Qxe4 34.Qxe4 fxe4 35.g3 Kf7 36.Kg2 Ke6
37.Kf2 h5 38.Ke2 Kf5 39.a4 Bg5 40.Bc5 Bc1 41.Kd1 Bh6 42.Ke1 e3 43.Ke2 Ke4
44.Be7 Bf4 45.gxf4 exf4 46.Bg5 f3+ 47.Ke1 a5 48.h4 Kd3 49.Bd8 f2+ 50.Kf1 e2+
51.Kxf2 Kd2  0-1

[Event "Oscaro Open 2013"]
[Site "Bastia FRA"]
[Date "2013.10.19"]
[Round "1.2"]
[White "Cardi,Jean"]
[Black "Almasi,Z"]
[Result "0-1"]
[WhiteElo "1592"]
[BlackElo "2707"]

1.e4 c5 2.Nf3 e6 3.d4 cxd4 4.Nxd4 Nc6 5.Nc3 Qc7 6.Be3 Nf6 7.f3 a6 8.Be2 b5
9.Nxc6 dxc6 10.O-O Bd6 11.f4 e5 12.Qd2 Bb7 13.fxe5 Bxe5 14.Bf4 O-O 15.Bxe5 Qxe5
16.Qf4 Rfe8 17.Qxe5 Rxe5 18.Bf3 Rae8 19.Rfe1 c5 20.Rad1 Kf8 21.Rd6 R8e6 22.Rxe6 fxe6
23.Kf2 Ke7 24.a3 b4 25.axb4 cxb4 26.Na2 a5 27.c3 b3 28.Nc1 a4 29.Nd3 Ra5
30.Nb4 Nd7  0-1

[Event "17th Unive Open 2013"]
[Site "Hoogeveen NED"]
[Date "2013.10.19"]
[Round "2.25"]
[White "Vos,T"]
[Black "Van der Poel,H"]
[Result "0-1"]
[WhiteElo "2097"]
[BlackElo "2246"]

1.e4 c5 2.Nf3 e6 3.d4 cxd4 4.Nxd4 Nc6 5.Nc3 Qc7 6.Be3 a6 7.Be2 b5 8.O-O Bb7
9.Kh1 Nf6 10.a3 Na5 11.f3 Be7 12.Qe1 O-O 13.Qf2 Nc4 14.Bxc4 Qxc4 15.Nb3 Qc8
16.Na5 d6 17.Rfd1 Nd7 18.a4 b4 19.Ne2 Qc7 20.Nxb7 Qxb7 21.b3 Rac8 22.Rd2 Rc7
23.Rad1 Rfc8 24.Nf4 Rc6 25.Bd4 Qc7 26.Rc1 Nc5 27.Rcd1 Nb7 28.Qg3 g6 29.Nh5 Rxc2
30.Nf6+ Bxf6 31.Bxf6 Rxd2 32.Rg1 Qc1 33.h4 Rd1 34.Rxd1 Qxd1+ 35.Kh2 Qd2 36.f4 Nc5  0-1

[Event "SPICE Cup Open 2013"]
[Site "St Louis USA"]
[Date "2013.10.19"]
[Round "9.6"]
[White "Robson,R"]
[Black "Gerzhoy,L"]
[Result "1-0"]
[WhiteElo "2628"]
[BlackElo "2478"]

1.e4 c5 2.Nf3 e6 3.d4 cxd4 4.Nxd4 Nc6 5.Nc3 d6 6.Be3 Nf6 7.f3 Be7 8.Qd2 O-O
9.O-O-O a6 10.g4 Nxd4 11.Bxd4 b5 12.a3 Nd7 13.h4 Qc7 14.g5 Ne5 15.Qg2 Rb8
16.f4 Nc6 17.Bf6 b4 18.axb4 Nxb4 19.h5 Bb7 20.Bxe7 Qxe7 21.h6 g6 22.Qd2 d5
23.exd5 Nxd5 24.Bg2 Nxf4 25.Qxf4 Bxg2 26.Rhe1 f6 27.Rd6 fxg5 28.Qd2 Qb7 29.b3 Qf3
30.Kb2 Qf4 31.Qd3 Bf1 32.Qd1 Bh3 33.Rd4 Qf3 34.Rd7 Qxd1 35.Rg7+ Kh8 36.Rxd1 e5
37.Ne4 Be6 38.Nxg5 Bg8 39.Rdd7 Rbd8 40.Nf7+ Rxf7 41.Rgxf7 Rb8 42.Rfe7 a5
43.Ra7 g5 44.Rxe5  1-0

[Event "29th ECC Open 2013"]
[Site "Rhodes GRE"]
[Date "2013.10.20"]
[Round "1.4"]
[White "Riazantsev,A"]
[Black "Stebbings,A"]
[Result "1-0"]
[WhiteElo "2697"]
[BlackElo "2295"]

1.e4 c5 2.Nf3 e6 3.d4 cxd4 4.Nxd4 Nc6 5.Nc3 Qc7 6.Be2 a6 7.Be3 Nf6 8.O-O Bb4
9.Na4 O-O 10.c4 Bd6 11.g3 Nxe4 12.c5 Be5 13.Nxc6 Qxc6 14.Bf3 f5 15.Rc1 d5
16.cxd6 Qxd6 17.Bxe4 Qxd1 18.Rfxd1 fxe4 19.Nb6 Rb8 20.Rc2 Bf6 21.Rdc1 Rd8
22.Nxc8  1-0

[Event "29th ECC Open 2013"]
[Site "Rhodes GRE"]
[Date "2013.10.20"]
[Round "1.3"]
[White "Sahl,Bj"]
[Black "Mejdini,Murat"]
[Result "1-0"]
[WhiteElo "2356"]
[BlackElo "1977"]

1.e4 c5 2.Nf3 e6 3.Nc3 Nc6 4.d4 cxd4 5.Nxd4 a6 6.a3 Nge7 7.Be3 Nxd4 8.Qxd4 Nc6
9.Qb6 Qxb6 10.Bxb6 d6 11.O-O-O Be7 12.f4 g5 13.g3 Rg8 14.Be2 g4 15.Bc7 Kd7
16.Bxd6 Bxd6 17.e5 Kc7 18.exd6+ Kd8 19.Ne4 f5 20.Nf6 Rg7 21.h3 Rf7 22.d7 Rxf6
23.dxc8=Q+ Kxc8 24.hxg4 Rf7 25.Bc4 Re7 26.Rh6 e5 27.gxf5 Kc7 28.f6 Ree8 29.Rxh7+ Kb6
30.f7 Re7 31.f5 e4 32.g4 Re5 33.Rd5 e3 34.Rxe5 Nxe5 35.Be2 Rf8 36.Rh3 Rxf7
37.Rxe3 Nc6 38.c3 Rh7 39.Kc2  1-0

[Event "29th ECC Open 2013"]
[Site "Rhodes GRE"]
[Date "2013.10.20"]
[Round "1.6"]
[White "Kosmo,S"]
[Black "Cvek,R"]
[Result "1/2-1/2"]
[WhiteElo "2237"]
[BlackElo "2517"]

1.e4 c5 2.Nf3 e6 3.Nc3 Nc6 4.d4 cxd4 5.Nxd4 Qc7 6.Ndb5 Qb8 7.Be3 a6 8.Bb6 axb5
9.Nxb5 Bb4+ 10.c3 Ba5 11.Nc7+ Qxc7 12.Bxc7 Bxc7 13.Qg4 Be5 14.f4 Nf6 15.Qf3 Bc7
16.Bd3 e5 17.f5 d5 18.O-O dxe4 19.Bxe4 Bd7 20.b4 O-O 21.a4 Nd8 22.a5 Re8
23.Rfd1 Bc6 24.Bxc6 Nxc6 25.a6 e4 26.Qe2 b6 27.b5 Ne5 28.Ra4 Nd3 29.Rxe4 Nxe4
30.Qxd3 Nc5 31.Qf3 Be5 32.Re1 f6 33.Qc6 Reb8 34.c4 h6 35.Rd1 Ra7 36.Rd2 Kh7
37.Ra2 Bc7 38.Rd2 Be5 39.Ra2 Nd7 40.g3 Nc5 41.Kg2 Nb3 42.Ra3 Nc5 43.Kf3  1/2-1/2

[Event "17th Corsican Circuit Final"]
[Site "Bastia FRA"]
[Date "2013.10.21"]
[Round "3.3"]
[White "Saric,Iv"]
[Black "Fedorchuk,S"]
[Result "1/2-1/2"]
[WhiteElo "2628"]
[BlackElo "2656"]

1.e4 c5 2.Nf3 Nc6 3.Nc3 e6 4.d4 cxd4 5.Nxd4 d6 6.Be3 Nge7 7.Be2 Nxd4 8.Qxd4 Nc6
9.Qd2 a6 10.f4 Qc7 11.Bf3 b5 12.O-O-O Bb7 13.Kb1 Rc8 14.g4 Na5 15.Qf2 Nc4
16.Bc1 Na3+ 17.Ka1 b4 18.Na4 Nxc2+ 19.Kb1 b3 20.axb3 Nb4 21.Nb6 Rb8 22.Nc4 Be7
23.Bd2 Bc6 24.Bc3 Bb5 25.Qd4 Bxc4 26.Qxc4 Qxc4 27.bxc4 O-O 28.e5 dxe5 29.Bxe5 Rbd8
30.Rxd8 Rxd8 31.Rd1 Rxd1+ 32.Bxd1 f6 33.Bd4 Bd6 34.Be3 Nd3 35.Be2 Nxf4 36.c5 Nxe2
37.cxd6 Kf7 38.Kc2 e5 39.Kd3 Nf4+ 40.Ke4 Ke6 41.Bc5 Kd7 42.h4 Ne6 43.Bb4 h6
44.Kf5 Nf4 45.g5 hxg5 46.hxg5 Nd5 47.Bc5 fxg5 48.Kxe5 Nf4 49.Kf5 Ne6 50.Bb4 g4
51.Kxg4 g6 52.Kf3 Nd4+ 53.Ke4 Nc6 54.Bc5 Ke6 55.b3 Nd8 56.Kf4 Nf7 57.Ba3 Kd7
58.Bb4 Kc6 59.Ba3 Kd7 60.Bb4 Ke6 61.Ba3 Nxd6 62.Kg5 Ne4+ 63.Kxg6 Nd2 64.Kg5 Nxb3
65.Kf4 Kd5 66.Ke3 Kc4 67.Ke2 a5 68.Kd1 Kc3 69.Bf8 Kb2 70.Bg7+ Kb1 71.Bf8 a4
72.Be7 Na5 73.Kd2 Kb2 74.Bf6+ Kb3 75.Be7 Nc6 76.Bf8 Kb2 77.Bd6 Na5 78.Bf8 Nb3+
79.Kd3 Na5 80.Kd2 Nc6 81.Bd6 Nd4 82.Bf8 Nf5 83.Kd3 Kb3 84.Kd2 Kb2 85.Kd3 Kb3
86.Kd2 Nd4 87.Kd3 Nf3 88.Be7 Ne5+ 89.Kd2 Nc6 90.Bf8 Kb2 91.Kd3 Na5 92.Kd2 Nc4+
93.Kd3 Ne5+ 94.Kd2 Kb3 95.Be7 Nc6 96.Bf8 Kb2 97.Kd3 Ne5+ 98.Kd2 Kb3 99.Be7 Nf3+
100.Kd3 Ne1+ 101.Kd2 Nc2 102.Bf8 Nd4 103.Kd3 Nc6 104.Kd2 Ne5 105.Be7 Ng6
106.Bd6 Nh4 107.Bf8 Nf3+ 108.Kd3 Ne5+ 109.Kd2 Nc6 110.Bd6 Kb2 111.Bf8 Na5
112.Kd3 Kb3 113.Kd2 Nc4+ 114.Kd3 Ne5+ 115.Kd2 Nc6 116.Bd6 Nb4 117.Bxb4 Kxb4
118.Kc2  1/2-1/2

[Event "TCh-Belgrade Premier liga 2013"]
[Site "Belgrade SRB"]
[Date "2013.10.21"]
[Round "10.1"]
[White "Nabaty,T"]
[Black "Cvetkovic,Sr"]
[Result "1-0"]
[WhiteElo "2579"]
[BlackElo "2360"]

1.e4 c5 2.Nf3 e6 3.d4 cxd4 4.Nxd4 Nc6 5.Nc3 a6 6.Bf4 Qf6 7.Be3 Bb4 8.Qd2 Nxd4
9.Bxd4 e5 10.Be3 Qc6 11.O-O-O Nf6 12.f3 d6 13.a3 Bxc3 14.bxc3 Ke7 15.c4 Be6
16.c5 d5 17.exd5 Nxd5 18.Bf2 Rhd8 19.Qg5+ Kf8 20.Qxe5 Qa4 21.Qb2 Qf4+ 22.Rd2 Ne3
23.Qb4 Qf6 24.c6+ Kg8 25.cxb7 Qa1+ 26.Qb1 Qxb1+ 27.Kxb1 Nxf1 28.Rxd8+ Rxd8
29.Ba7  1-0

[Event "Guernsey Open 2013"]
[Site "Guernsey GCI"]
[Date "2013.10.21"]
[Round "2"]
[White "Casiot,D"]
[Black "Cummins,J"]
[Result "1-0"]
[WhiteElo "1979"]
[BlackElo "1844"]

1.e4 c5 2.Nf3 Nc6 3.Nc3 e6 4.d4 cxd4 5.Nxd4 Nf6 6.Be2 Be7 7.O-O O-O 8.Be3 d6
9.Qd2 a6 10.a4 Bd7 11.Nb3 Qc7 12.f4 Rad8 13.a5 Rfe8 14.Rfd1 Rc8 15.Bf3 e5
16.Bb6 Qb8 17.f5 Na7 18.Rac1 Nb5 19.Nd5 Nxd5 20.Qxd5 Bc6 21.Qd3 Nc7 22.c4 Na8
23.Be3 Red8 24.Nd2 Rc7 25.b3 Qc8 26.Nb1 f6 27.Kf2 Be8 28.Nc3 Bf7 29.Nd5 Bxd5
30.Qxd5+ Kh8 31.Bh5 Bf8 32.Bf7 Qd7 33.Be6 Qc6 34.Qd3 Qe8 35.g4 g5 36.Rh1 Rg7
37.Bd5 Qe7 38.Rc2 Qc7 39.Ra1 Qe7 40.b4 Qe8 41.Kg3 h5 42.h3 h4+ 43.Kf3 Rc7
44.Rb2 Rb8 45.Rc2 Kg7 46.Qb3 Be7 47.Rd1 Kf8 48.Rcd2 Kg7 49.Be6 Qf8 50.Bd5 Qe8
51.b5 axb5 52.cxb5 Rbc8 53.b6 Rc3 54.Qb4 Rc2 55.Rxc2 Rxc2 56.Rd2 Qc8 57.Bb3 Rxd2
58.Qxd2 Qc6 59.Qd5 Qxd5 60.Bxd5  1-0

[Event "29th ECC Open 2013"]
[Site "Rhodes GRE"]
[Date "2013.10.21"]
[Round "2.3"]
[White "Petenyi,T"]
[Black "Mertanen,J"]
[Result "1-0"]
[WhiteElo "2464"]
[BlackElo "2350"]

1.e4 c5 2.Nf3 e6 3.d4 cxd4 4.Nxd4 Nc6 5.Nc3 Qc7 6.Be3 a6 7.Qd2 Nf6 8.f3 Be7
9.O-O-O O-O 10.g4 b5 11.h4 Bb7 12.h5 Nxd4 13.Bxd4 b4 14.Na4 Rac8 15.Kb1 d5
16.Nb6 dxe4 17.Nxc8 Rxc8 18.g5 Nd5 19.Bh3 Nf4 20.g6 Nxh3 21.Rxh3 e5 22.Be3 exf3
23.gxf7+ Kf8 24.h6 g6 25.Rh2 Be4 26.Rc1 Qd8 27.Qe1 Qd5 28.Rd2 Qxf7 29.Bc5 Bxc5
30.Qxe4 Bd4 31.Rd3 Kg8 32.Rxf3 Qd7 33.Rcf1 Re8 34.Rf7 Qxf7 35.Rxf7 Kxf7 36.c3 bxc3
37.bxc3 Bg1 38.Qf3+ Ke7 39.Qb7+ Kf6 40.Qg7+ Kg5 41.Qxh7 e4 42.Qf7 Rb8+ 43.Kc2 Bh2
44.h7 Be5 45.Qg8  1-0

[Event "29th ECC Open 2013"]
[Site "Rhodes GRE"]
[Date "2013.10.21"]
[Round "2.2"]
[White "Van Delft,M"]
[Black "Schaefer,Mark"]
[Result "1/2-1/2"]
[WhiteElo "2425"]
[BlackElo "2404"]

1.e4 c5 2.Nf3 e6 3.d4 cxd4 4.Nxd4 Nc6 5.Nc3 d6 6.Be3 Nf6 7.f4 e5 8.Nb3 exf4
9.Bxf4 Be7 10.Qd2 O-O 11.O-O-O Ne5 12.Kb1 a6 13.h3 b5 14.g4 Bb7 15.Bg2 Qc7
16.Nd4 Nc4 17.Qd3 Nd7 18.g5 Nde5 19.Qg3 Rfe8 20.Nd5 Bxd5 21.exd5 Bf8 22.Bc1 b4
23.h4 a5 24.h5 a4 25.g6 fxg6 26.hxg6 h6 27.Nc6 b3 28.cxb3 axb3 29.axb3 Na5
30.Bd2 Nb7 31.b4 Qb6 32.Qb3 Nc5 33.Be3 Qxc6 34.dxc6+ Nxb3 35.Bd5+ Kh8 36.Bxb3 Nxc6
37.Bd2 Ne5 38.Bc3 Be7 39.Rdf1 Bg5 40.Rf5 Be3 41.Rh3 Bb6 42.Rf7 Ra7 43.Bd2 Rxf7
44.gxf7 Rf8 45.Bxh6 gxh6 46.Rxh6+ Kg7 47.Rxd6  1/2-1/2

[Event "29th ECC Open 2013"]
[Site "Rhodes GRE"]
[Date "2013.10.22"]
[Round "3.16"]
[White "Atakisi,U"]
[Black "Chapman,T"]
[Result "1-0"]
[WhiteElo "2346"]
[BlackElo "2331"]

1.e4 c5 2.Nf3 e6 3.d4 cxd4 4.Nxd4 Nc6 5.Nc3 Qc7 6.Be3 a6 7.Bd3 b5 8.Nxc6 Qxc6
9.a3 Bb7 10.O-O Nf6 11.Re1 h5 12.h3 h4 13.Bd4 Be7 14.Bf1 d6 15.f4 Rd8 16.f5 e5
17.Bf2 d5 18.exd5 Nxd5 19.Nxd5 Rxd5 20.Qg4 Kf8 21.c4 bxc4 22.Bxc4 Rd2 23.Rxe5 Bf6
24.Bc5+ Qxc5+ 25.Rxc5 Bd4+ 26.Qxd4 Rxd4 27.Rc7 Rh5 28.Rxf7+ Ke8 29.Re1+ Be4
30.Rxg7 Rxc4 31.Rg4 Rc2 32.Rexe4+ Kf7 33.Rxh4  1-0

[Event "29th ECC Open 2013"]
[Site "Rhodes GRE"]
[Date "2013.10.22"]
[Round "3.9"]
[White "Kovalev,Vl"]
[Black "Van Delft,M"]
[Result "1-0"]
[WhiteElo "2563"]
[BlackElo "2425"]

1.e4 c5 2.Nf3 e6 3.d4 cxd4 4.Nxd4 Nc6 5.Nc3 Qc7 6.Be2 a6 7.O-O Nf6 8.Be3 Be7
9.f4 d6 10.Qe1 O-O 11.Qg3 Nxd4 12.Bxd4 b5 13.a3 Bb7 14.Kh1 Rad8 15.Bf3 Rd7
16.Rad1 Qd8 17.Rd3 Ba8 18.Rfd1 Re8 19.Qf2 Bf8 20.Bb6 Qb8 21.Be3 e5 22.fxe5 Rxe5
23.Bd4 Re6 24.Bxf6 Rxf6 25.e5 Rf5 26.exd6 Bxf3 27.Rxf3 Rxf3 28.Qxf3 Rxd6
29.Nd5 Rh6 30.g3 Qe5 31.c3 Rd6 32.Kg2 g6 33.Rd3 h5 34.Nf4 Qf5 35.Rxd6 Bxd6
36.Qd3 Qxd3 37.Nxd3 f5 38.Nb4 Bxb4 39.axb4 g5 40.Kf3 Kf7 41.h4 gxh4 42.gxh4 Ke6
43.Kf4 Kf6 44.b3 Ke6 45.c4 bxc4 46.bxc4 Kf6 47.b5 axb5 48.cxb5 Ke6 49.b6 Kd6
50.Kxf5 Kc6 51.Kg6 Kxb6 52.Kxh5 Kc6 53.Kg6 Kd7 54.h5  1-0